000 00829nam0a22002531 4500
001 rc\4957778
005 20250612184737.0
021 _aRU
_b[66-4303]
035 _a(NLR Aleph) 008788264
090 _a8024655
_c8024655
100 _a20130426d1965 |||y0rusy50 ca
101 1 _arus
_ckir
102 _aRU
105 _aa z |||||
200 1 _aРазве это небылица?
_e[Кирг. нар. песенки
_eДля мл. школьного возраста]
_fПер. с кирг. Н.И. Гребнева
_gРис. Л.А. Ильиной
210 _aФрунзе
_cМектеп
_d1965
215 _a[29] с.
_cил.
_d29
702 1 _aИльина
_bЛ.А.
_4440
702 1 _aГребнев
_bН.И.
_4730
801 0 _aRU
_bNLR
_gpsbo
801 1 _aRU
_bELAR
_2rusmarc
852 _aNLR
_j66-8/129
942 _cBOOK
980 _aNB